Arbitration and Article Six (Record no. 78191)

MARC details
000 -LEADER
fixed length control field 01639cab a2200265 4500
001 - CONTROL NUMBER
control field ##L136202
008 - FIXED-LENGTH DATA ELEMENTS--GENERAL INFORMATION
fixed length control field 070117n2007 000 0 eng u
035 ## - SYSTEM CONTROL NUMBER
System control number (Sirsi) u136202
041 0# - LANGUAGE CODE
Language code of text/sound track or separate title eng
100 1# - MAIN ENTRY--PERSONAL NAME
Personal name Qureshi, Khawar
245 00 - TITLE STATEMENT
Title Arbitration and Article Six
260 ## - PUBLICATION, DISTRIBUTION, ETC.
Date of publication, distribution, etc. 2007
490 #0 - SERIES STATEMENT
Series statement New Law Journal
Volume/sequential designation 157(7255) 12 January 2007, 46-47(2)
520 ## - SUMMARY, ETC.
Summary, etc. Considers recent case law applying the European Convention on Human Rights Art 6 principles to arbitration and the courts' participation through the Arbitration Act 1996. In particular, discusses the issues in "Sumukan Ltd v Commonwealth Secretariat" (27 February 2006, unreported), "Stretford v Football Association Ltd" ([2006] EWHC 479 (Ch), All ER (D) 275), "AstraZeneca Insurance Co Ltd v CGU International Insurance plc" ([2006] EWCA Civ 1340, L135724), and "ASM Shipping Ltd of India v TTMI Ltd of England" ([2006] EWCA Civ 1341, L135723). These decisions confirm that while Convention principles can be used in the arbitral context, they will only rarely give rise to ground for legal challenge.
590 ## - LOCAL NOTE (RLIN)
Local note KA
650 24 - SUBJECT ADDED ENTRY--TOPICAL TERM
Topical term or geographic name entry element CGU INTERNATIONAL INSURANCE PLC AND OTHERS V ASTRAZENECA INSURANCE CO LTD
650 24 - SUBJECT ADDED ENTRY--TOPICAL TERM
Topical term or geographic name entry element ASM SHIPPING LTD OF INDIA V TTMI LTD OF ENGLAND
650 24 - SUBJECT ADDED ENTRY--TOPICAL TERM
Topical term or geographic name entry element STRETFORD V FOOTBALL ASSOCIATION LTD
650 24 - SUBJECT ADDED ENTRY--TOPICAL TERM
Topical term or geographic name entry element CONVENTION FOR THE PROTECTION OF HUMAN RIGHTS AND FUNDAMENTAL FREEDOMS ART 6
650 24 - SUBJECT ADDED ENTRY--TOPICAL TERM
Topical term or geographic name entry element HUMAN RIGHTS ACT 1998
650 24 - SUBJECT ADDED ENTRY--TOPICAL TERM
Topical term or geographic name entry element ARBITRATION ACT 1996
651 #4 - SUBJECT ADDED ENTRY--GEOGRAPHIC NAME
Geographic name England and Wales
Chronological subdivision 1543-
690 ## - LOCAL SUBJECT ADDED ENTRY--TOPICAL TERM (OCLC, RLIN)
Topical term or geographic name as entry element MANAGEMENT-DISPUTE AVOIDANCE, MANAGEMENT AND RESOLUTION-DISPUTE MANAGEMENT AND RESOLUTION-ARBITRATION
942 ## - ADDED ENTRY ELEMENTS (KOHA)
Suppress in OPAC 0
Holdings
Withdrawn status Lost status Source of classification or shelving scheme Damaged status Not for loan Home library Current library Shelving location Date acquired Total Checkouts Full call number Barcode Date last seen Copy number Price effective from Koha item type
    Dewey Decimal Classification     London London Journal article 17/01/2007   L136202 136202-1001 06/08/2019 1 06/08/2019 Journal article